| 000 | 00334 a2200121 4500 | ||
|---|---|---|---|
| 020 | _a812032160 | ||
| 082 | _a620.11221 MOT | ||
| 100 | _aMott, Robert L. | ||
| 245 |
_aApplied Strength of Materials _cRobert L. Mott |
||
| 250 | _a4th ed. | ||
| 260 |
_aNew Delhi : _bAsoke K. Ghosh, _c2002 |
||
| 300 |
_axiv, 704p. : _bill . ; _c26 cm |
||
| 650 | _aStrength of Materials | ||
| 999 |
_c815 _d815 |
||